000 00610nam a2200229Ia 4500
003 OSt
005 20220924135331.0
006 a|||||r|||| 00| 0
007 ta
008 220923b |||||||| |||| 00| 0 ben d
024 _a290556
037 _cTextual
040 _aARTS
_cARTS
_bben
041 _2ben
_aben
082 _aO113,3xN17, 157M8
100 _aLahiri Soumitra Tr.
_9210101
245 0 _aFasi birrodhi garmaneer galpo
260 _c1988
650 _aGERMAN LITERATURE
_915713
942 _hO113,3xN17, 157M8
_cTEXL
_2CC
999 _c440313
_d440313